000 00654nam a22001817a 4500
999 _c14994
_d14994
003 OSt
082 _2631.75 807 AMR/ES
088 _aP 326
100 _aAMRUTHA GAYATHRY V
_aSHARMINA V.K
_93860
245 _aEstimation of a pan evaporation using ann - a case study
260 _aTavanur 2016
_bDepartment of Land and Water Resources & Conservation Engineering
300 _a72
500 _aEstimation of a pan evaporation using ann - a case study
520 _aEstimation of a pan evaporation using ann - a case study
700 _aEr. Sajeena S
_93505
856 _uhttps://drive.google.com/open?id=1CsYWuzRt7YjndWE2100UqEkvf7nkCHRB
942 _cPR